Регионална библиотека "Любен Каравелов" - Русе

Най-добрите бизнес планове (Запис номер 101273)

MARC детайли
000 -Лидер
Контролно поле с фиксирана дължина 02201nam a2200409 c 4500
003 - Код на организацията, давaща контролен номер
Контролно поле BLK
005 - Дата и час на последна редакция
Контролно поле 20250225161515.0
008 - Елементи от данни с фиксирана дължина
fixed length control field 180409b bul|||||r ||||||| ||bul||
010 ## - Наследен системен номер
LC control number KNG00106316000
020 ## - Международен стандартен номер на книга ISBN
Международен стандартен номер на книга ISBN 954-9964-54-Х
-- издат.: Класика и стил
040 ## - Източник на каталожния запис
Идентификатор на билиотеката - собственик на записа BLK
041 ## - Код за език
Код за езика на текст/звукозапис или на отделно заглавие Български
Код за езика КДБФ Български
080 ## - УДК
Текстов определител УДК Стопански планове. Стопанско планиране
УДК код - определител по УДК 338.26
УДК определител (035)
УДК - код + определител 338.26(035)
080 ## - УДК
Текстов определител УДК Бизнес план на фирми. Фирмено планиране (+658.012.2+338.26)
УДК код - определител по УДК 334.72.008.5
УДК определител (035)
УДК - код + определител 334.72.008.5(035)
080 ## - УДК
Текстов определител УДК Финанси на стопанските организации (вкл. финансиране и управление на финансите). Финанси на стопанския сектор
УДК код - определител по УДК 336.6
УДК определител (035)
УДК - код + определител 336.6(035)
100 1# - Редна дума - Автор
Автор Бароу, Пол
Авторска отговорност първи автор
R(LIN) 374748
139 ## - Редно поле
Редна дума Бароу, Пол
Авторски знак Бар - Б 26
245 10 - Сведения за заглавието
Заглавие Най-добрите бизнес планове
Подзаглавни данни Подготовка и представяне
Редно поле (дума) Пол Бароу; прев. от англ. Красимир Иванов.
257 ## - Страна на издаване
Страна на създаване/издаване Съединени американски щати
260 ## - Област на издателските данни
-- София
Име на издателя, разпространителя и проч. Класика и стил
Година на издаване 2002
Печатница В. Търново : Абагар АД
300 ## - Физическа характеристика
Страници ХVІІ, 275 с.
Размери/Мащаб 22 см
380 ## - Жанр
Жанр Обществени науки
500 ## - Общи забележки
Забележка Ориг. загл. The Best-Laid Business Plans : How To Wrire Them, How To Pitch Them / Paul Barrow. - Офс. изд. - Съдържа и Азб. показалец.
650 #4 - Допълнително описание по предмет – тема
Основно описание – тема или топоним Бизнес - планиране - наръчници и ръководства
9 (RLIN) 255722
650 #4 - Допълнително описание по предмет – тема
Основно описание – тема или топоним Фирми - планиране - наръчници и ръководства
9 (RLIN) 256996
650 #4 - Допълнително описание по предмет – тема
Основно описание – тема или топоним Стопански предприятия - организация и управление
9 (RLIN) 262378
653 ## - Ключова дума – ненормативна
Ключова дума бизнесплан
653 ## - Ключова дума – ненормативна
Ключова дума наръчници
653 ## - Ключова дума – ненормативна
Ключова дума ръководства
700 1# - Други автори (авторска отговорност)
Лично име Иванов, Красимир
Автороска отговорност (Описва отношението между автора и произведението) прев. от англ.
9 (RLIN) 374749
852 ## - Местоположение
Форматна сигнатура Цб 214949
856 4# - Електронен адрес и достъп
Електронен формат pdf - файл
Път до файла /url/
856 4# - Електронен адрес и достъп
Електронен формат pdf - файл
Път до файла /url/
942 ## - АРТИКУЛИ
Вид на библиотечния материал Книги
Скрит в OPAC Не
Koha issues (borrowed), all copies 16
944 ## - СЪЗДАВАНЕ И РЕДАКЦИЯ на ЗАПИСА
Създаване/Редакция Създаване
Дата на регистрацията/редакция 01.01.2002
Статус, дата на статуса Цветомила Тодорова
Служител, извършил регистрацията/редакцията 30576
944 ## - СЪЗДАВАНЕ И РЕДАКЦИЯ на ЗАПИСА
Създаване/Редакция Редакция
Дата на регистрацията/редакция 09.04.2010
Статус, дата на статуса ф /
Служител, извършил регистрацията/редакцията
999 ## - СИСТЕМНИ КОНТРОЛНИ НОМЕРА
Koha biblionumber 101273
Koha biblioitemnumber 101273
Наличности
Код за отписване Код за изгубен артикул Код за повреда Коз за рестрикции Код за отдаване Артикулен № Име на библиотеката - собственик Име на библиотеката, в която се намира в момента Статус (Текущо местоположение) Дата на вписване в системата Местоположение - отдел Цена в лева Инвентарен номер Систематично азбучна сигнатура Баркод Номер на екземпляра Цена в евро Служебна бележка Служебен тип на артикула
  Не е изгубен Не е повреден без рестрикции ползва се в читалня 162979 Регионална библиотека "Любен Каравелов" Русе Регионална библиотека "Любен Каравелов" Русе Читалня 2003-05-26 Читалня 14.00 120000676391 Ч 338/Б 26 120000676391 1 7.16 Дост: Pk Вид: Ф N: 1 Дата: 26.05.2003 Дата инв: 23.03.2017 Бележки инв: Ч2017 Книги
  Не е изгубен Не е повреден без рестрикции ползва се в читалня 162980 Регионална библиотека "Любен Каравелов" Русе Регионална библиотека "Любен Каравелов" Русе Хранилище 2008-09-25 Основен фонд - ползва се само за читалня 14.00 120000729296 Цб 214949 120000729296 2 7.16 Дост: Pk Вид: Ф N: 8930 Дата: 24.09.2008 Книги
  Не е изгубен Не е повреден без рестрикции заемане за дома 162981 Регионална библиотека "Любен Каравелов" Русе Регионална библиотека "Любен Каравелов" Русе Заемна - подръчен фонд 2008-09-25 Заемна - подръчен фонд 14.00 120000729297 П 338.2/Б 26 120000729297 3 7.16 Дост: Pk Вид: Ф N: 8930 Дата: 24.09.2008 Дата инв: 05.02.2018 Бележки инв: П2018 Книги
  Не е изгубен Не е повреден без рестрикции заемане за дома 162982 Регионална библиотека "Любен Каравелов" Русе Регионална библиотека "Любен Каравелов" Русе Заемна - подръчен фонд 2008-09-25 Заемна - подръчен фонд 14.00 120000729298 П 338.2/Б 26 120000729298 4 7.16 Дост: Pk Вид: Ф N: 8930 Дата: 24.09.2008 Дата инв: 05.02.2018 Бележки инв: П2018 Книги
  Не е изгубен Не е повреден без рестрикции заемане за дома 162983 Регионална библиотека "Любен Каравелов" Русе Регионална библиотека "Любен Каравелов" Русе Заемна - подръчен фонд 2008-09-25 Заемна - подръчен фонд 14.00 120000729299 П 338.2/Б 26 120000729299 5 7.16 Дост: Pk Вид: Ф N: 8930 Дата: 24.09.2008 Дата инв: 05.02.2018 Бележки инв: П2018 Книги
  Не е изгубен Не е повреден без рестрикции заемане за дома 162984 Регионална библиотека "Любен Каравелов" Русе Регионална библиотека "Любен Каравелов" Русе Заемна - подръчен фонд 2008-09-25 Заемна - подръчен фонд 14.00 120000729300 П 338.2/Б 26 120000729300 6 7.16 Дост: Pk Вид: Ф N: 8930 Дата: 24.09.2008 Дата инв: 05.02.2018 Бележки инв: П2018 Книги
  Не е изгубен Не е повреден без рестрикции заемане за дома 162985 Регионална библиотека "Любен Каравелов" Русе Регионална библиотека "Любен Каравелов" Русе Заемна - подръчен фонд 2010-03-29 Заемна - подръчен фонд 14.00 120000742983 П 338.2/Б 26 120000742983 7 7.16 Дост: DA Вид: А N: 10 Дата: 29.03.2010 Дата инв: 05.02.2018 Бележки инв: П2018 Книги
Vip Innovations Ltd, Rousse, Bulgaria 2025